01627nam a22003617a 4500001000700000003000900007005001700016007000300033008003700036020001800073040003000091082002600121100003300147240002600180245018700206264004500393300003300438336002800471337003500499338003000534500007400564590002600638650003800664650001200702650004000714700003800754910004100792942001200833952013100845952013600976952013601112999001701248000482DO-SdBPM20250723104141.0ta160906b 2009 ck |||| 00| 0 spa d a9789587048216 aDO-SdBPMbspacBPMSUerda 4a158.1bS617v 20092221 aSinger, Blaird1970-eautor 1 aLittle voice mastery.13aLa vocecita :bcómo ganar en 30 segundos (o menos) la batalla que se libra entre tus oídos, ¡y tener una vida extraordinaria! /cBlair Singer ; prólogo de Marco Antonio Regil. aBogotá, Colombia : bAguilar, c2009.  a188 páginas ; c23 cm. b  atexto btxt2rdacontent asin mediación bn2rdamedia  avolumen bnc2rdacarrier  aIncluye datos biográficos del autor en la solapa de la cubierta. aInventariado, 2025/VM 7aAutorrealización (Psicología) 7aÉxito 7aCapacidad creativa en los negocios.1 aRegil, Marco Antonio,eprólogo  aVMateo V. Control de calidad. BPMSU  2ddccBK 00102ddc708CGaBPMETbBPMETd2016-09-06eAlfaguaral0oBPMSU CG 158.1 S617v 2009pBPMSU16090226r2016-09-06w2016-09-06yBK 00102ddc708CGaBPMETbBPMETd2016-09-16eAlfaguaral0oBPMSU CG 158.1 S617v 2009pBPMSU16090391r2016-09-16te.2w2016-09-16yBK 00102ddc708CGaBPMETbBPMETd2016-09-16eAlfaguaral0oBPMSU CG 158.1 S617v 2009pBPMSU16090392r2016-09-16te.3w2016-09-16yBK c11349d11349